000 01092naa a22002777a 4500
001 BR9102269
003 BR-BrBNA
005 20240918180716.0
007 ta
008 230509b bl.||||| |||| 00| 0 por d
040 _aBR-BrBNA
_bpor
_cBiblioteca Nacional de Agricultura
041 _a(Pt)
072 _aN20; F06
_b4630
090 _aN20 BR9102269
100 1 _aTestezlaf, R.
111 1 _a8. Congresso Nacional de Irrigacao e Drenagem
_cFlorianopolis, SC (Brazil)
_d9-15 Oct 1988
245 1 _aInfiltrometro recirculante para avaliacao das caracteristicas de infiltracao em irrigacao por sulcos
260 3 _aFlorianopolis, SC (Brasil):
_c1988.
500 _aAnais do 8. Congresso Nacional de Irrigacao e Drenagem Florianopolis, SC (Brasil): 1988. v. 2 p. 1219-1232 (BR9102269-AM)N20
650 _aIRRIGACAO POR SULCO
650 _aINFILTRACAO
650 _aINFILTROMETRO
773 0 _tAnais do 8. Congresso Nacional de Irrigacao e Drenagem
_wN20 BR9102269
_gFlorianopolis, SC (Brasil), 1988. v. 2 p. 1219-1232
909 _a202404
_bLucia
_c55
_dLucia Elande
942 _cAM
_2AGRIS
999 _c321755
_d321755